=LDR 00000nam 2200000 4500 =001 INLIS000000000051568 =005 20211116015537 =035 ##$$a 0010-1017000007 =007 ta =008 211116################g##########0#ind## =020 ##$$a 978.602.217.531-5 =082 ##$$a 371.11 =084 ##$$a 371.11 HAM t =100 #$$a Hamzah B. Und =245 1#$$a Tugas guru dalam pembelajaran : $b Aspek yang memengaruhi /$c Hamzah B. Uno, Nina Lamatenggo =260 ##$$a Jakarta :$b Bumi Aksara,$c 2016 =300 ##$$a xii, 197 hlm. : $b ilus. ; $c 23 x 15 cm =650 #4$$a Studi dan Pengajaran - Guru =250 ##$$a cet.1 =700 #$$a Nina Lamatenggo =990 ##$$a 21704505 =990 ##$$a 21704504 =990 ##$$a 21704503 =990 ##$$a 21704502 =990 ##$$a 21704501 =990 ##$$a 21900340 =990 ##$$a 21900339 =990 ##$$a 21900338 =990 ##$$a 21900337 =990 ##$$a 21704504 =990 ##$$a 21704505 =990 ##$$a 21704503 =990 ##$$a 21704502 =990 ##$$a 21704501 =990 ##$$a 21900340 =990 ##$$a 21900339 =990 ##$$a 21900338 =990 ##$$a 21900337